000
00330nam a2200133Ia 4500
008
260604s9999 xx 000 0 und d
020
_a
9781529626391
082
_a
302 LIO
100
_a
SHUANG LIU, ADA
_9
35125
245
0
_a
SAGE HANDBOOK OF INTERCULTURAL COMMUNICATION
260
_b
SAGE
500
_a
Communication
942
_c
BK
999
_c
7884
_d
7884